ODLIS: Online Dictionary of Library and Information Science(E BOOK) (Record no. 208928)
[ view plain ]
| 000 -LEADER | |
|---|---|
| fixed length control field | 00260 a2200109 4500 |
| 003 - CONTROL NUMBER IDENTIFIER | |
| control field | Nust |
| 005 - DATE AND TIME OF LATEST TRANSACTION | |
| control field | 20170207164424.0 |
| 040 ## - CATALOGING SOURCE | |
| Transcribing agency | Nust |
| 082 ## - DEWEY DECIMAL CLASSIFICATION NUMBER | |
| Classification number | 025.3 |
| 245 ## - TITLE STATEMENT | |
| Title | ODLIS: Online Dictionary of Library and Information Science(E BOOK) |
| Statement of responsibility, etc. | Joan M. Reitz |
| 300 ## - PHYSICAL DESCRIPTION | |
| Extent | 733p |
| 942 ## - ADDED ENTRY ELEMENTS (KOHA) | |
| Source of classification or shelving scheme | |
| Koha item type | Book |
| Withdrawn status | Lost status | Source of classification or shelving scheme | Damaged status | Not for loan | Collection code | Permanent Location | Current Location | Date acquired | Total Checkouts | Full call number | Barcode | Date last seen | Price effective from | Koha item type |
|---|---|---|---|---|---|---|---|---|---|---|---|---|---|---|
| Military College of Signals (MCS) | Military College of Signals (MCS) | 12/12/2016 | 025.3 | MCSEB-1044 | 12/08/2016 | 12/12/2016 | Book |
